EG focus (Record no. 107731)

MARC details
000 -LEADER
fixed length control field 01185cam a22002535a 4500
001 - CONTROL NUMBER
control field L141665
008 - FIXED-LENGTH DATA ELEMENTS--GENERAL INFORMATION
fixed length control field 071211e20071208xxkado f 000 0 eng u
035 ## - SYSTEM CONTROL NUMBER
System control number (Sirsi) u141665
041 0# - LANGUAGE CODE
Language code of text/sound track or separate title eng
050 04 - LIBRARY OF CONGRESS CALL NUMBER
Classification number 333.33 $2 18
245 00 - TITLE STATEMENT
Title EG focus
Remainder of title regional features directory 2007
260 ## - PUBLICATION, DISTRIBUTION, ETC.
Place of publication, distribution, etc. London
Name of publisher, distributor, etc. EG
Date of publication, distribution, etc. 2007
300 ## - PHYSICAL DESCRIPTION
Extent 338p.
Dimensions 30cm.
490 #0 - SERIES STATEMENT
Series statement Estates Gazette Focus Regional Features Directory
Volume/sequential designation 2007
520 ## - SUMMARY, ETC.
Summary, etc. Discusses London's property market and discusses attempts to assess the impact of the year's financial turmoil, retail development in the South East, office developments in the South West and the impact of changes in planning processes, infrastructure improvements in the East Midlands, Industrial developments in Wales the East of England, as well as office markets in the West Midlands, Yorkshire and the Humber, the North East and North West, Scotland and Ireland.
520 ## - SUMMARY, ETC.
Summary, etc. Estates Gazette - December 2007 vol.
521 1# - TARGET AUDIENCE NOTE
Target audience note Advanced
590 ## - LOCAL NOTE (RLIN)
Local note KA
651 #4 - SUBJECT ADDED ENTRY--GEOGRAPHIC NAME
Geographic name Great Britain
Chronological subdivision 1707-
651 #4 - SUBJECT ADDED ENTRY--GEOGRAPHIC NAME
Geographic name Ireland (Island of)
690 ## - LOCAL SUBJECT ADDED ENTRY--TOPICAL TERM (OCLC, RLIN)
Topical term or geographic name as entry element PROPERTY-COMMERCIAL PROPERTY-COMMERCIAL PROPERTY MARKET
700 1# - ADDED ENTRY--PERSONAL NAME
Personal name Meadwell, Stacey
Relator term ed
942 ## - ADDED ENTRY ELEMENTS (KOHA)
Suppress in OPAC 0
Holdings
Withdrawn status Lost status Source of classification or shelving scheme Damaged status Not for loan Home library Current library Shelving location Date acquired Total Checkouts Full call number Barcode Date last seen Copy number Price effective from Koha item type
    Dewey Decimal Classification     London London Journal article 11/12/2007   F333.33 EGF 141665-1001 06/08/2019 1 06/08/2019 Journal article